Normal view
MARC view
Entry Personal Name
001 - CONTROL NUMBER
- control field: 37466
003 - CONTROL NUMBER IDENTIFIER
- control field: dpl
005 - DATE AND TIME OF LATEST TRANSACTION
- control field: 20111222163231.0
008 - FIXED-LENGTH DATA ELEMENTS
- fixed length control field: 111222|||a|||||| | ||| d
040 ## - CATALOGING SOURCE
- Original cataloging agency: dpl
- Transcribing agency: dpl
100 ## - HEADING--PERSONAL NAME
- Personal name: Nelson, E. W.
- Fuller form of name: (Eric William)
670 ## - SOURCE DATA FOUND
- Source citation: Work cat.: (dpl)0: Nelson, E. W. (Eric William), Engineering mechanics dynamics /, c2011
670 ## - SOURCE DATA FOUND
- Source citation: Work cat.: (dpl)0: Nelson, E. W. (Eric William), Engineering mechanics dynamics /, c2011
